[Event "SVK-chT3A2 2223"]
[Site "Slovakia"]
[Date "2023.02.19"]
[Round "7.3"]
[White "Siska, Kristof"]
[Black "Lanik, Miroslav"]
[Result "1/2-1/2"]
[WhiteElo "1842"]
[BlackElo "1906"]
[PlyCount "46"]
[EventDate "2022.10.16"]
[EventType "team-tourn"]
[EventRounds "9"]
[EventCountry "SVK"]
[SourceTitle "EXT 2024"]
[Source "ChessBase"]
[SourceDate "2023.10.10"]
[SourceVersion "1"]
[SourceVersionDate "2023.10.10"]
[SourceQuality "1"]
[WhiteTeam "Piestany Kupele II"]
[BlackTeam "Senica SK"]
[WhiteTeamCountry "SVK"]
[BlackTeamCountry "SVK"]

1. d4 d5 2. c4 Nf6 3. Nc3 e6 4. Nf3 c6 5. Bg5 Nbd7 6. e3 Qa5 7. a3 Ne4 8. cxd5 Nxc3 9. Qd2 Bb4 10. Rc1 Qxd5 11. bxc3 Bxa3 12. Ra1 Qb3 13. Bd3 Qb2 14. 0-0 Qxd2 15. Nxd2 Bb2 16. Rab1 Ba3 17. Nc4 Be7 18. Bf4 0-0 19. Na5 Nf6 20. c4 c5 21. Nxb7 cxd4 22. exd4 Bd7 23. Rfc1 a5 1/2-1/2

[Event "SVK-chT3A2 2223"]
[Site "Slovakia"]
[Date "2023.01.22"]
[Round "5.4"]
[White "Kubis, Ivan"]
[Black "Siska, Kristof"]
[Result "0-1"]
[WhiteElo "1845"]
[BlackElo "1842"]
[PlyCount "68"]
[EventDate "2022.10.16"]
[EventType "team-tourn"]
[EventRounds "9"]
[EventCountry "SVK"]
[SourceTitle "EXT 2024"]
[Source "ChessBase"]
[SourceDate "2023.10.10"]
[SourceVersion "1"]
[SourceVersionDate "2023.10.10"]
[SourceQuality "1"]
[WhiteTeam "Holic"]
[BlackTeam "Piestany Kupele II"]
[WhiteTeamCountry "SVK"]
[BlackTeamCountry "SVK"]

1. e4 d5 2. exd5 Qxd5 3. Nc3 Qa5 4. d4 Nf6 5. Nf3 Bf5 6. Bc4 e6 7. 0-0 c6 8. Re1 Be7 9. Bd2 Qc7 10. a4 Nbd7 11. h3 h6 12. Ne5 0-0 13. Bf4 Bd6 14. Qe2 Nd5 15. Bxd5 exd5 16. Qf3 Bh7 17. Bg3 Nf6 18. Bh4 Ne4 19. Ng4 Rae8 20. Nxe4 dxe4 21. Qb3 Kh8 22. c4 c5 23. d5 f5 24. Ne3 g5 25. Bg3 f4 26. Ng4 fxg3 27. fxg3 h5 28. Qc3+ Qg7 29. Qxg7+ Kxg7 30. Ne3 Bxg3 31. Re2 Rf7 32. b4 Bd6 33. b5 Ref8 34. a5 Bg6 0-1

[Event "SVK-chT3A2 2122"]
[Site "Slovakia"]
[Date "2021.11.07"]
[Round "3.4"]
[White "Siska, Kristof"]
[Black "Hrubos, Milan"]
[Result "1-0"]
[WhiteElo "1773"]
[BlackElo "1744"]
[PlyCount "73"]
[EventDate "2021.10.10"]
[EventType "team-tourn"]
[EventRounds "11"]
[EventCountry "SVK"]
[SourceTitle "EXT 2023"]
[Source "ChessBase"]
[SourceDate "2022.10.05"]
[SourceVersion "1"]
[SourceVersionDate "2022.10.05"]
[SourceQuality "1"]
[WhiteTeam "Piestany Kupele II"]
[BlackTeam "Holic"]
[WhiteTeamCountry "SVK"]
[BlackTeamCountry "SVK"]

1. d4 d5 2. Bf4 Nf6 3. e3 e6 4. Nf3 a6 5. Bd3 c5 6. c3 Nc6 7. Nbd2 c4 8. Bc2 Bd6 9. Bg3 0-0 10. Qe2 b5 11. Ne5 Bb7 12. 0-0 Qc7 13. f4 Ne7 14. Qf3 Nf5 15. Be1 g6 16. g4 Ng7 17. Bh4 Nfe8 18. f5 exf5 19. gxf5 Bxe5 20. dxe5 d4 21. Be4 Bxe4 22. Qxe4 dxe3 23. Qxa8 exd2 24. Qd5 Nxf5 25. Bg5 Qb6+ 26. Kh1 Ne3 27. Bxe3 Qxe3 28. Rad1 Nc7 29. Qd4 Qg5 30. Qf4 Qe7 31. Rxd2 Ne6 32. Qe3 Nc5 33. Rd4 Nd3 34. b3 Qxe5 35. Rxd3 Qxe3 36. Rxe3 cxb3 37. axb3 1-0

[Event "SVK-chT2A 1819"]
[Site "Slovakia"]
[Date "2018.10.14"]
[Round "2.8"]
[White "Siska, Kristof"]
[Black "Antol, Ladislav"]
[Result "1/2-1/2"]
[WhiteElo "1767"]
[BlackElo "1956"]
[PlyCount "128"]
[EventDate "2018.10.13"]
[EventType "team-tourn"]
[EventRounds "11"]
[EventCountry "SVK"]
[SourceTitle "CBM 189 Extra"]
[Source "ChessBase"]
[SourceDate "2019.06.03"]
[SourceVersion "1"]
[SourceVersionDate "2019.06.03"]
[SourceQuality "1"]
[WhiteTeam "Piestany Kupele"]
[BlackTeam "Modra II"]
[WhiteTeamCountry "SVK"]
[BlackTeamCountry "SVK"]

1. e4 c5 2. Nf3 d6 3. d4 cxd4 4. Nxd4 Nf6 5. Nc3 a6 6. Bg5 e6 7. f4 Be7 8. Qf3 Qb6 9. 0-0-0 Nc6 10. Nxc6 Qxc6 11. e5 Qxf3 12. gxf3 dxe5 13. fxe5 Nd5 14. Bxe7 Nxe7 15. Rg1 Ng6 16. Bd3 Nxe5 17. f4 Ng6 18. f5 exf5 19. Rge1+ Be6 20. Bxf5 Nf4 21. Re4 g5 22. h4 h6 23. Rg1 0-0-0 24. Bxe6+ Nxe6 25. Rf1 Nf4 26. Re7 Rd7 27. Rxd7 Kxd7 28. hxg5 hxg5 29. Ne4 f6 30. Nxf6+ Ke7 31. Ne4 Rf8 32. Re1 Rc8 33. Nxg5+ Kd7 34. Rd1+ Kc6 35. Ne4 Re8 36. Nc3 Re7 37. b3 b5 38. Kb2 b4 39. Na4 Rd7 40. Rxd7 Kxd7 41. Nc5+ Kc6 42. Nxa6 Kb5 43. Nc7+ Kc6 44. Ne8 Nh5 45. a4 bxa3+ 46. Kxa3 Kd7 47. Kb4 Kxe8 48. Kc5 Kd7 49. Kb6 Nf4 50. c4 Nd3 51. c5 Nb2 52. Kb5 Nd3 53. Kb6 Nb2 54. Kb5 Nd3 55. b4 Ne5 56. Kb6 Nc4+ 57. Kb7 Kd8 58. b5 Na5+ 59. Ka6 Nb3 60. Kb6 Kc8 61. c6 Kb8 62. Ka6 Kc7 63. Ka7 Na5 64. Ka6 Nxc6 1/2-1/2

[Event "SVK-chT4 A21 1718"]
[Site "Slovakia"]
[Date "2017.12.10"]
[Round "6.4"]
[White "Stehlik, Jan1111"]
[Black "Siska, Kristof"]
[Result "0-1"]
[WhiteElo "1584"]
[BlackElo "1704"]
[PlyCount "74"]
[EventDate "2017.10.01"]
[EventType "team-tourn"]
[EventRounds "11"]
[EventCountry "SVK"]
[SourceTitle "EXT 2019"]
[Source "ChessBase"]
[SourceDate "2018.10.10"]
[SourceVersion "1"]
[SourceVersionDate "2018.10.10"]
[SourceQuality "1"]
[WhiteTeam "Holic II"]
[BlackTeam "Piestany Kupele II"]
[WhiteTeamCountry "SVK"]
[BlackTeamCountry "SVK"]

1. e4 c5 2. Nf3 e6 3. c3 Nc6 4. d4 cxd4 5. cxd4 Nf6 6. Nc3 Bb4 7. Bg5 Qa5 8. Qd3 Bxc3+ 9. bxc3 Nxe4 10. Bd2 Nxd2 11. Nxd2 d5 12. Be2 0-0 13. f4 Ne7 14. 0-0 Bd7 15. Nb3 Qc7 16. Rf3 Ng6 17. Qd2 b6 18. Bd3 Rac8 19. Rc1 Qd6 20. Qe1 Rc7 21. g3 a5 22. Qe2 a4 23. Na1 Qa3 24. Qd2 Rfc8 25. Bb1 b5 26. Bxg6 hxg6 27. h4 b4 28. Kf2 Rxc3 29. Rfxc3 Rxc3 30. Rxc3 bxc3 31. Qd3 Qb2+ 32. Nc2 Bb5 33. Qd1 Qxa2 34. Ke3 Qb2 35. Ne1 a3 36. Nd3 Bxd3 37. Kxd3 a2 0-1

[Event "Banska Stiavnica V4 op"]
[Site "Banska Stiavnica"]
[Date "2017.07.09"]
[Round "2"]
[White "Hrbek, Stepan"]
[Black "Siska, Kristof"]
[Result "1-0"]
[WhiteElo "2038"]
[BlackElo "1000"]
[PlyCount "57"]
[EventDate "2017.07.08"]
[EventType "swiss"]
[EventRounds "9"]
[EventCountry "SVK"]
[SourceTitle "CBM 179 Extra"]
[Source "ChessBase"]
[SourceDate "2017.08.23"]
[SourceVersion "1"]
[SourceVersionDate "2017.08.23"]
[SourceQuality "1"]

1. d4 Nf6 2. c4 e6 3. Nf3 c5 4. d5 exd5 5. cxd5 d6 6. Nc3 Be7 7. e4 Bg4 8. h3 Bh5 9. Be2 0-0 10. 0-0 Nbd7 11. Bf4 Bxf3 12. Bxf3 Ne5 13. Be2 a6 14. Bg3 Re8 15. f4 Ng6 16. Bf3 b5 17. e5 dxe5 18. fxe5 Nd7 19. d6 Bg5 20. Bxa8 Qxa8 21. Nd5 Qb7 22. Qf3 Ndxe5 23. Nf6+ gxf6 24. Qxb7 Be3+ 25. Bf2 Bxf2+ 26. Rxf2 Kg7 27. Rd1 Re6 28. d7 Re7 29. Qc8 1-0